| 000 | 01524nam0a2200361 i 4500 | ||
|---|---|---|---|
| 001 | RU\NLR\BIBL_A\010984269 | ||
| 005 | 20241103114025.0 | ||
| 010 |
_a9785914260535 _9300 |
||
| 021 |
_aRU _b2016-6555 _9417 |
||
| 035 | _a(NILC)RuMoRGB-008129794 | ||
| 035 | _a(NLR Aleph) 010984269 | ||
| 090 |
_a10891996 _c10891996 |
||
| 100 | _a20160219d2015 km y0rusy50 ca | ||
| 101 | 0 | _arus | |
| 102 |
_aRU _aRU |
||
| 105 | _aa|||z||||01yy | ||
| 200 | 1 |
_aИнновационная компетентность библиотечных кадров: сущность, назначение, методика формирования _eмонография _fБорис Ирина Владимировна _gМ-во культуры Российской Федерации, Хабаровский гос. ин-т культуры |
|
| 210 |
_aХабаровск _cХГИК _d2015 |
||
| 215 |
_a109 с. _d21 |
||
| 320 | _aБиблиогр.: с. 63-74 (161 назв.) | ||
| 606 |
_aБиблиотечное дело _xКадры _xПовышение квалификации _92080846 _3RU\NLR\AUTH\661256798 |
||
| 606 |
_aИнновации библиотечные _92346788 _3RU\NLR\AUTH\661402365 |
||
| 675 | _a02 | ||
| 686 | 1 | _aЧ73р7 | |
| 686 | 1 | _aЧ737,6(2Р) | |
| 686 | 1 | _aЧ489.564(2)78 | |
| 700 | 1 |
_aБорис _bИ. В. _gИрина Владимировна |
|
| 801 | 0 |
_aRU _bРГБ _c20160129 _gRCR |
|
| 801 | 2 |
_aRU _bРГБ _c20160204 _grcr |
|
| 942 | _cBOOK | ||
| 980 | _aNBR | ||